<?xml version="1.0" encoding="UTF-8"?>
<record
    xmlns:xsi="http://www.w3.org/2001/XMLSchema-instance"
    xsi:schemaLocation="http://www.loc.gov/MARC21/slim http://www.loc.gov/standards/marcxml/schema/MARC21slim.xsd"
    xmlns="http://www.loc.gov/MARC21/slim">

  <leader>00775nam a22002537a 4500</leader>
  <controlfield tag="005">20250929150409.0</controlfield>
  <controlfield tag="008">250929b        |||||||| |||| 00| 0 eng d</controlfield>
  <datafield tag="017" ind1=" " ind2=" ">
    <subfield code="a">LD.2061</subfield>
  </datafield>
  <datafield tag="018" ind1=" " ind2=" ">
    <subfield code="a">2025</subfield>
  </datafield>
  <datafield tag="020" ind1=" " ind2=" ">
    <subfield code="a">9789787887097</subfield>
  </datafield>
  <datafield tag="040" ind1=" " ind2=" ">
    <subfield code="a">NLN</subfield>
    <subfield code="b">English</subfield>
    <subfield code="e">AACR2</subfield>
  </datafield>
  <datafield tag="050" ind1=" " ind2=" ">
    <subfield code="a">BV4647.K5</subfield>
    <subfield code="b">A228</subfield>
  </datafield>
  <datafield tag="082" ind1=" " ind2=" ">
    <subfield code="a">241.4</subfield>
  </datafield>
  <datafield tag="100" ind1=" " ind2=" ">
    <subfield code="a">ADEGBOYE, Oluwayemisi</subfield>
    <subfield code="e">aut</subfield>
    <subfield code="9">67572</subfield>
  </datafield>
  <datafield tag="245" ind1=" " ind2=" ">
    <subfield code="a">The real deal:</subfield>
    <subfield code="b">reverberating the culture of absolute kindness /</subfield>
    <subfield code="c">Oluwayemisi Adegboye</subfield>
  </datafield>
  <datafield tag="260" ind1=" " ind2=" ">
    <subfield code="a">Ilorin, Kwara state (Agbooba):</subfield>
    <subfield code="b">Ibilola Press,</subfield>
    <subfield code="c">2024</subfield>
  </datafield>
  <datafield tag="300" ind1=" " ind2=" ">
    <subfield code="a">ix, 92p. ;</subfield>
    <subfield code="b">17cm.</subfield>
  </datafield>
  <datafield tag="563" ind1=" " ind2=" ">
    <subfield code="a">(pbk)</subfield>
  </datafield>
  <datafield tag="650" ind1=" " ind2=" ">
    <subfield code="a">Kindness</subfield>
    <subfield code="v">Religious aspects</subfield>
    <subfield code="x">Christianity</subfield>
    <subfield code="9">67573</subfield>
  </datafield>
  <datafield tag="650" ind1=" " ind2=" ">
    <subfield code="a">Nenevolence</subfield>
    <subfield code="9">67574</subfield>
  </datafield>
  <datafield tag="650" ind1=" " ind2=" ">
    <subfield code="a">Conduct of Life</subfield>
    <subfield code="9">256</subfield>
  </datafield>
  <datafield tag="650" ind1=" " ind2=" ">
    <subfield code="a">Christian Life</subfield>
    <subfield code="9">119</subfield>
  </datafield>
  <datafield tag="942" ind1=" " ind2=" ">
    <subfield code="c">BK</subfield>
    <subfield code="n">0</subfield>
  </datafield>
  <datafield tag="999" ind1=" " ind2=" ">
    <subfield code="c">33207</subfield>
    <subfield code="d">33207</subfield>
  </datafield>
  <datafield tag="952" ind1=" " ind2=" ">
    <subfield code="0">0</subfield>
    <subfield code="1">0</subfield>
    <subfield code="2">lcc</subfield>
    <subfield code="4">0</subfield>
    <subfield code="7">0</subfield>
    <subfield code="a">ASA</subfield>
    <subfield code="b">MAIN</subfield>
    <subfield code="d">2025-09-29</subfield>
    <subfield code="e">Legal deposit</subfield>
    <subfield code="i">446617</subfield>
    <subfield code="l">0</subfield>
    <subfield code="o">BV4647.K5 A228</subfield>
    <subfield code="p">446617</subfield>
    <subfield code="r">2025-09-29 15:07:34</subfield>
    <subfield code="t">1</subfield>
    <subfield code="w">2025-09-29</subfield>
    <subfield code="y">BK</subfield>
  </datafield>
  <datafield tag="952" ind1=" " ind2=" ">
    <subfield code="0">0</subfield>
    <subfield code="1">0</subfield>
    <subfield code="2">lcc</subfield>
    <subfield code="4">0</subfield>
    <subfield code="7">0</subfield>
    <subfield code="a">ILO</subfield>
    <subfield code="b">MAIN</subfield>
    <subfield code="d">2025-09-29</subfield>
    <subfield code="e">Legal deposit</subfield>
    <subfield code="i">446616</subfield>
    <subfield code="l">0</subfield>
    <subfield code="o">BV4647.K5 A228</subfield>
    <subfield code="p">446616</subfield>
    <subfield code="r">2025-09-29 15:08:02</subfield>
    <subfield code="t">1</subfield>
    <subfield code="w">2025-09-29</subfield>
    <subfield code="y">BK</subfield>
  </datafield>
  <datafield tag="952" ind1=" " ind2=" ">
    <subfield code="0">0</subfield>
    <subfield code="1">0</subfield>
    <subfield code="2">lcc</subfield>
    <subfield code="4">0</subfield>
    <subfield code="7">0</subfield>
    <subfield code="a">LAG</subfield>
    <subfield code="b">MAIN</subfield>
    <subfield code="d">2025-09-29</subfield>
    <subfield code="e">Legal deposit</subfield>
    <subfield code="i">446615</subfield>
    <subfield code="l">0</subfield>
    <subfield code="o">BV4647.K5 A228</subfield>
    <subfield code="p">446615</subfield>
    <subfield code="r">2025-09-29 15:08:35</subfield>
    <subfield code="t">1</subfield>
    <subfield code="w">2025-09-29</subfield>
    <subfield code="y">BK</subfield>
  </datafield>
</record>
